000 00817nam a2200229Ia 4500
003 GCL
008 140319s9999 xx 000 0 ara d
020 _a019209977
040 _aGCL /
_cGCL
082 0 4 _a709.1
_bث ق
100 1 _aثروت عكاشة
245 1 0 _aالقيم الجمالية فى العمارة الاسلامية :
_bتاريخ الفن : العين تسمع والاذن ترى /
_cثروت عكاشة
250 _aالاولى
260 _aالقاهرة :
_bدار الشروق ،
_c1994
300 _a448 ص ؛
_c26 سم
650 0 4 _aالعمارة الاسلامية
650 0 4 _aالاثار الاسلامية
650 0 4 _aاضرحة الائمة والاولياء
650 0 4 _aالقصور الاسلامية
650 0 4 _aالفن الاسلامى
942 _2ddc
_cBK
999 _c31428
_d31428